[Event "RSA-ch U10"]
[Site "Waterkloof"]
[Date "2015.04.07"]
[Round "6"]
[White "Weiner, Aiden"]
[Black "Duvenhage, Leon"]
[Result "1-0"]
[WhiteElo "1068"]
[BlackElo "833"]
[PlyCount "43"]
[EventDate "2015.04.04"]
[EventType "swiss"]
[EventRounds "9"]
[EventCountry "RSA"]
[SourceTitle "CBM 166 Extra"]
[Source "ChessBase"]
[SourceDate "2015.06.18"]
[SourceVersion "1"]
[SourceVersionDate "2015.06.18"]
[SourceQuality "1"]

1. e4 d6 2. Nf3 Nf6 3. Nc3 g6 4. Bc4 Bg7 5. 0-0 0-0 6. d4 Nc6 7. Be3 a6 8. a3 Na5 9. Ba2 Ng4 10. Qd2 Nxe3 11. Qxe3 Nc6 12. Ne2 e5 13. d5 Na5 14. b4 Bg4 15. bxa5 Bxf3 16. Qxf3 c6 17. dxc6 bxc6 18. Rad1 Qc7 19. Rd2 Rad8 20. Rfd1 Qxa5 21. h3 Qxa3 22. Qxa3 1-0

[Event "RSA-ch U10"]
[Site "Waterkloof"]
[Date "2015.04.06"]
[Round "3"]
[White "Duvenhage, Leon"]
[Black "Riccardi, Adriel Ernesto"]
[Result "1-0"]
[WhiteElo "833"]
[BlackElo "1050"]
[PlyCount "91"]
[EventDate "2015.04.04"]
[EventType "swiss"]
[EventRounds "9"]
[EventCountry "RSA"]
[SourceTitle "CBM 166 Extra"]
[Source "ChessBase"]
[SourceDate "2015.06.18"]
[SourceVersion "1"]
[SourceVersionDate "2015.06.18"]
[SourceQuality "1"]

1. d4 d5 2. Bf4 Nc6 3. e3 a6 4. Nf3 Bf5 5. Nbd2 Nf6 6. c3 e6 7. h3 Bd6 8. Ne5 Nxe5 9. dxe5 Bxe5 10. Bxe5 0-0 11. Nf3 Qe7 12. Nh4 Bg6 13. Nxg6 fxg6 14. Bd3 Qf7 15. 0-0 Ne4 16. Qg4 Nxf2 17. Qh4 Nxh3+ 18. Qxh3 Qe7 19. Rfe1 Qf7 20. Bf4 Rae8 21. Re2 Qe7 22. Bg5 Qxg5 23. Rf2 Rxf2 24. Kxf2 Rf8+ 25. Kg1 Qf6 26. Rf1 Qe7 27. Re1 e5 28. Be2 Qd6 29. Bg4 Kh8 30. Rd1 c5 31. Be6 Qb6 32. Rxd5 Qxb2 33. Qg3 Qb1+ 34. Kh2 h6 35. Qxe5 Rf1 36. Rd8+ Kh7 37. Bg8+ Kh8 38. Qe8 Rh1+ 39. Kg3 Qe1+ 40. Kf4 Rh4+ 41. g4 Qf2+ 42. Ke4 Rxg4+ 43. Kd5 Qd2+ 44. Kxc5 Qxc3+ 45. Bc4+ Kh7 46. Qh8# 1-0

[Event "RSA-ch U10"]
[Site "Waterkloof"]
[Date "2015.04.06"]
[Round "4"]
[White "Fourie, Brandon"]
[Black "Duvenhage, Leon"]
[Result "1-0"]
[WhiteElo "1132"]
[BlackElo "833"]
[PlyCount "64"]
[EventDate "2015.04.04"]
[EventType "swiss"]
[EventRounds "9"]
[EventCountry "RSA"]
[SourceTitle "CBM 166 Extra"]
[Source "ChessBase"]
[SourceDate "2015.06.18"]
[SourceVersion "1"]
[SourceVersionDate "2015.06.18"]
[SourceQuality "1"]

1. e4 d6 2. d4 Nf6 3. Nc3 g6 4. Nf3 Bg7 5. Be3 0-0 6. Bc4 Nc6 7. d5 Na5 8. Bd3 e5 9. 0-0 Ng4 10. Re1 Nxe3 11. fxe3 Bg4 12. b4 Bxf3 13. Qxf3 Qg5 14. bxa5 f5 15. Qg3 Qh5 16. Be2 Qh6 17. Bd3 f4 18. Qh3 Qg5 19. Rf1 fxe3 20. Rxf8+ Rxf8 21. Rf1 b6 22. Rxf8+ Bxf8 23. a6 Qf6 24. Qxe3 Bg7 25. Nb5 Qf8 26. Nxa7 Bh6 27. Qf3 Qg7 28. Nc6 Bf4 29. a7 Qf8 30. Kh1 Qh6 31. a8Q+ Kg7 32. h3 Qg5 1-0